00837nam a2200241 a 4500008004100000020003200041040002500073041001300098044001100111080001000122100002800132245011100160250001300271260007800284300001000362490001900372700002800391700003000419700002700449958000600476999001700482952009600499951027s1989||||[C 0 slo c c30 Kčs. q(55000 výtl.) aSNKbslocSNKeAACR21 asloheng axocSK a820-31 aDu Maurier, Daphne4aut10aGenerál Jeho VeličenstvacDaphne Du Maurier ; Dophne Du Maurier, Magda Žáryová, Ján Krížik a2., vyd. aBratislavabSlovenský spisovateľc1989eNitrafNitrianske tlačiarne c20 cm0 aRetrovZv. 58.1 aDu Maurier, Dophne4aut1 aŽáryová, Magda4trl1 aKrížik, Ján4bkd aA c12366d12366 001040708Ka10000b10000d2019-11-29g30.00i11656oB 5782r2019-11-29w2019-11-29yKLDO